书目信息 |
| 题名: |
化工工艺设计概论
|
|
| 作者: | 李崇岳 主编 | |
| 分册: | ||
| 出版信息: | 天津 天津大学出版社 1994 |
|
| 页数: | 338页 | |
| 开本: | 26cm | |
| 丛书名: | ||
| 单 册: | ||
| 中图分类: | TQ050.2 | |
| 科图分类: | 79.5032 | |
| 主题词: | 化工设备--设计--概论 | |
| 电子资源: | ||
| ISBN: | 7-5618-0632-9 | |
| 000 | 00633nam0 2200217 45 | |
| 001 | 0198002542 | |
| 005 | 20070724084551.35 | |
| 010 | @a7-5618-0632-9@dCNY15.80 | |
| 100 | @a19971226d1994 em y0chiy0121 ea | |
| 101 | 0 | @achi |
| 102 | @aCN@b120000 | |
| 105 | @af z 000yy | |
| 200 | 10 | @a化工工艺设计概论@Ahua gong gong yi she ji gai lun@f李崇岳等主编@Fli chong yue deng zhu bian |
| 210 | @a天津@c天津大学出版社@d1994 | |
| 215 | @a338页@d26cm | |
| 606 | @a化工设备@x设计@x概论 | |
| 690 | @aTQ050.2@v3 | |
| 692 | @a79.5032@v2 | |
| 701 | 0 | @a李崇岳@Ali chong yue@4主编 |
| 801 | 0 | @aCN@bTSSF@c20070724 |
| 905 | @a10447@dTQ050.2@e165 | |
| 化工工艺设计概论/李崇岳等主编.-天津:天津大学出版社,1994 |
| 338页;26cm |
| ISBN 7-5618-0632-9:CNY15.80 |
| ● |
| 相关链接 |
|
|
|
|
正题名:化工工艺设计概论
索取号:TQ050.2/165
 
预约/预借
| 序号 | 登录号 | 条形码 | 馆藏地/架位号 | 状态 | 备注 |
| 1 | 0768442 | 207684424 | 第二样本阅览室/ [索取号:TQ050.2/165] | 在馆 |